WWE - Diesel / Kevin Nash's PPV Opponents - Statistics

General Stats
  • This quiz has been taken 492 times
  • The average score is 29 of 38
Answer Stats
Year Event Match Type Opponent % Correct
1995 WrestleMania XI Shawn Michaels
98%
1996 In Your House 7: Good Friends, Better Enemies No Holds Barred Match Shawn Michaels
98%
2003 SummerSlam Elimination Chamber Match Shawn Michaels
98%
2003 Backlash 6-Man Tag Team Match Triple H
97%
2003 Judgment Day Triple H
97%
2003 Insurrextion Street Fight Triple H
97%
2003 Bad Blood Hell in a Cell Match Triple H
97%
2003 SummerSlam Elimination Chamber Match Triple H
97%
2011 Tables, Ladders & Chairs Sledgehammer Ladder Match Triple H
97%
1994 King of the Ring Bret Hart
93%
1995 Royal Rumble Bret Hart
93%
1995 Survivor Series No DQ Match Bret Hart
93%
1996 In Your House 6: Rage In The Cage Steel Cage Match Bret Hart
93%
1995 In Your House 5: Season's Beatings Owen Hart
91%
1996 WrestleMania XII The Undertaker
90%
2003 SummerSlam Elimination Chamber Match Goldberg
84%
2003 Backlash 6-Man Tag Team Match Chris Jericho
82%
2003 SummerSlam Elimination Chamber Match Chris Jericho
82%
2003 SummerSlam Elimination Chamber Match Randy Orton
81%
1993 Survivor Series 4 vs. 4 Elimination Match Razor Ramon
80%
1994 SummerSlam Razor Ramon
80%
1994 Survivor Series 5 vs. 5 Elimination Match Razor Ramon
80%
2003 Backlash 6-Man Tag Team Match Ric Flair
75%
1995 In Your House Sycho Sid
70%
1995 King of the Ring Tag Team Match Sycho Sid
70%
1995 In Your House 2: The Lumberjacks Lumberjack Match Sycho Sid
70%
1994 Survivor Series 5 vs. 5 Elimination Match The British Bulldog
69%
1995 In Your House 3: Triple Header Tag Team Match The British Bulldog
69%
1995 In Your House 4: Great White North The British Bulldog
69%
1995 In Your House 3: Triple Header Tag Team Match Yokozuna
69%
1995 SummerSlam King Mabel
65%
1993 Survivor Series 4 vs. 4 Elimination Match Randy Savage
60%
1993 Survivor Series 4 vs. 4 Elimination Match The 1-2-3 Kid
55%
1994 Survivor Series 5 vs. 5 Elimination Match The 1-2-3 Kid
55%
1993 Survivor Series 4 vs. 4 Elimination Match Marty Jannetty
43%
1995 King of the Ring Tag Team Match Tatanka
41%
1994 Survivor Series 5 vs. 5 Elimination Match Fatu
34%
1994 Survivor Series 5 vs. 5 Elimination Match Sione
26%
No matching quizzes found
Score Distribution
Percent of People with Each Score
Percentile by Number Answered
Your Score History
You have not taken this quiz